[Event "Cotswold Open 2025"]
[Site "?"]
[Date "2025.05.24"]
[Round "2.2"]
[White "Baer, Bruce"]
[Black "Stubbs, Oliver"]
[Result "1/2-1/2"]
[Annotator "Tipper,Dave"]
[WhiteElo "2058"]
[BlackElo "2284"]
[WhiteFideId "-1"]
[WhiteFideId "-1"]
[PlyCount "142"]
[GameId "2194046412854103"]
[SourceVersionDate "2025.06.08"]

{[%evp 0,142,11,25,-35,5,-36,-9,-13,6,26,-7,-8,-6,2,-1,0,-12,54,-9,-32,-48,-47,-47,-118,-49,-63,-64,-75,-87,-42,-24,-5,-11,-17,-41,-33,-64,-32,-58,-62,-62,-47,-51,112,55,51,51,51,110,62,16,41,-49,14,20,-37,19,38,-8,1,10,0,5,12,1,-1,1,1,1,-1,-1,124,9,72,-1,0,-7,1,-13,-28,-65,-70,-58,-47,-26,36,62,84,1,62,47,31,1,81,1,59,1,-1,1,-1,-91,-11,-16,-13,-20,-18,-10,-22,-14,-8,35,-2,-22,-8,-15,-19,-1,-25,-1,-1,1,0,0,-1,1,-5,-1,3,6,62,79,89,114,68,8,4,5,1,0,0,0,0,0,0]} 1. e4 e6 2. d3 d5 3. Nd2 Nf6 4. Ngf3 Nc6 5. g3 dxe4 6. dxe4 Bc5 7. Bg2 e5 8. O-O O-O 9. c3 a5 10. Qe2 b6 11. Nc4 Ba6 12. Bg5 Qe7 13. Nfd2 Rfd8 14. Qf3 h6 15. Bxf6 Qxf6 16. Qxf6 gxf6 17. Rfd1 b5 18. Nb3 Bxf2+ 19. Kxf2 bxc4 20. Nc5 Bc8 21. Bf1 Bg4 22. Rxd8+ Rxd8 23. Ke3 {Draw Offer} Be6 24. Nxe6 fxe6 25. Bxc4 Kf7 26. a3 Ke7 27. Bb5 Na7 28. Bd3 Nc8 29. b4 Nd6 30. bxa5 Ra8 31. a6 c5 32. Rb1 c4 33. Bc2 Rxa6 34. a4 Ra8 35. g4 Kd7 36. Kf3 Kc6 37. Rb4 Kc5 38. Kg3 Rf8 39. Kh4 f5 40. gxf5 exf5 41. exf5 Nxf5+ 42. Bxf5 Rxf5 43. Rb5+ Kc6 44. Kg4 Rf4+ 45. Kg3 Re4 46. Kf2 {Draw Offer} h5 47. Rb4 Rf4+ 48. Ke3 Rh4 49. a5 Rh3+ 50. Ke4 Rxc3 51. a6 Ra3 52. Rxc4+ Kd6 53. Kf5 Rxa6 54. Rc8 Ra2 55. Rd8+ Ke7 56. Rh8 Ra5 57. Rh7+ Kd6 58. Rh6+ Kd5 59. Rxh5 Kd4 60. Rh8 Ke3 61. Rh3+ Kd4 62. Rh8 e4+ 63. Kf4 Ra4 64. Rd8+ {Draw Offer} Kc3 65. Ke3 Ra7 66. Rc8+ Kb3 67. Kxe4 Rh7 68. Rb8+ Ka2 69. Ra8+ Kb2 70. Rb8+ Ka2 71. Ra8+ Kb2 1/2-1/2

[Event "Cotswold Open 2025"]
[Site "?"]
[Date "2025.05.24"]
[Round "2.3"]
[White "Ogunshola, Olugbemiga"]
[Black "Carey, Alex"]
[Result "1-0"]
[WhiteElo "2197"]
[BlackElo "2054"]
[WhiteFideId "-1"]
[WhiteFideId "-1"]
[PlyCount "55"]
[GameId "2194048740770655"]
[SourceVersionDate "2025.06.08"]

1. c4 c6 2. Nf3 d5 3. b3 Nf6 4. Bb2 e6 5. g3 Bd6 6. Bg2 b6 7. O-O Nbd7 8. Nc3 O-O 9. Rc1 Bb7 10. d4 Rc8 11. Re1 c5 12. cxd5 exd5 13. e3 Re8 14. Nh4 Bf8 15. dxc5 Nxc5 16. Bh3 d4 17. Qxd4 Rc6 18. Qxd8 Rxd8 19. Red1 Nd3 20. Bf1 Rcd6 21. Nf5 Nxb2 22. Nxd6 Bf3 23. Rd2 Rxd6 24. Rxb2 Ng4 25. Bg2 Bxg2 26. Kxg2 Rh6 27. h3 Ba3 28. Nb5 1-0

[Event "Cotswold Open 2025"]
[Site "?"]
[Date "2025.05.24"]
[Round "2.4"]
[White "Gillings, Matt"]
[Black "Ashworth, Michael"]
[Result "0-1"]
[WhiteElo "2045"]
[BlackElo "2194"]
[WhiteFideId "-1"]
[WhiteFideId "-1"]
[PlyCount "68"]
[GameId "2194050577974454"]
[SourceVersionDate "2025.06.08"]

1. c4 g6 2. Nc3 Bg7 3. g3 e5 4. Bg2 d6 5. e4 Be6 6. b3 Ne7 7. Nge2 c5 8. O-O Nbc6 9. Nd5 O-O 10. d3 h6 11. Bd2 f5 12. f4 exf4 13. Ndxf4 Bf7 14. Bc3 g5 15. Bxg7 Kxg7 16. Nd5 Bh5 17. Qd2 Bxe2 18. Qxe2 Nd4 19. Qd2 Nxd5 20. cxd5 f4 21. gxf4 gxf4 22. Bh3 Qh4 23. Be6 Nxe6 24. dxe6 Rae8 25. b4 Rxe6 26. bxc5 f3 27. Rf2 dxc5 28. Raf1 Rg6+ 29. Kh1 Qg4 30. Re1 Kh7 31. d4 Rfg8 32. h3 Qxh3+ 33. Rh2 Qg3 34. Qe3 cxd4 0-1

[Event "Cotswold Open 2025"]
[Site "?"]
[Date "2025.05.24"]
[Round "2.5"]
[White "James, Russell"]
[Black "Hill, Andy"]
[Result "1/2-1/2"]
[WhiteElo "2178"]
[BlackElo "2037"]
[WhiteFideId "-1"]
[WhiteFideId "-1"]
[PlyCount "55"]
[GameId "2194053739783427"]
[SourceVersionDate "2025.06.08"]

1. Nf3 Nf6 2. c4 g6 3. g3 Bg7 4. Bg2 O-O 5. Nc3 d6 6. O-O e5 7. d3 Nc6 8. Rb1 a5 9. a3 h6 10. b4 axb4 11. axb4 Nh5 12. e3 f5 13. d4 e4 14. Nh4 Kh7 15. f3 Bf6 16. Nxg6 Kxg6 17. fxe4 Ng7 18. b5 Ne7 19. exf5+ Ngxf5 20. Ne4 Bg7 21. Qd3 h5 22. h3 Kh6 23. Nf2 Nxg3 24. e4+ Kh7 25. Qxg3 Bxd4 26. Bb2 Bxb2 27. Rxb2 Ng6 28. e5 1/2-1/2

[Event "Cotswold Open 2025"]
[Site "?"]
[Date "2025.05.24"]
[Round "2.6"]
[White "Gomez, Daniel"]
[Black "Fathallah, Joe"]
[Result "1/2-1/2"]
[WhiteElo "2124"]
[BlackElo "1960"]
[WhiteFideId "-1"]
[WhiteFideId "-1"]
[PlyCount "71"]
[GameId "2194055016801620"]
[SourceVersionDate "2025.06.08"]

1. e4 e6 2. d4 d5 3. Nc3 Nf6 4. e5 Nfd7 5. Nce2 c5 6. c3 Nc6 7. f4 cxd4 8. cxd4 Qb6 9. Nf3 Bb4+ 10. Nc3 f6 11. a3 Be7 12. Na4 Qc7 13. Be3 O-O 14. Be2 a6 15. O-O b5 16. Nc3 Nb6 17. Bf2 Na5 18. Bd3 f5 19. Qc2 Bb7 20. g4 g6 21. gxf5 gxf5 22. Kh1 Qd7 23. Qe2 Kh8 24. Rg1 Nb3 25. Rad1 Nc4 26. Ng5 Bd8 27. Bc2 Nba5 28. Rd3 Rg8 29. Bh4 Rg6 30. Rdg3 Nc6 31. Qh5 Nxd4 32. Nxh7 Qxh7 33. Qxg6 Bxh4 34. Qxh7+ Kxh7 35. Rg7+ Kh8 36. R7g6 1/2-1/2

[Event "Cotswold Open 2025"]
[Site "?"]
[Date "2025.05.24"]
[Round "2.7"]
[White "Morrison, Joseph"]
[Black "Norris, Zack"]
[Result "0-1"]
[WhiteElo "1950"]
[BlackElo "2088"]
[WhiteFideId "-1"]
[WhiteFideId "-1"]
[PlyCount "68"]
[GameId "2194073195394740"]
[SourceVersionDate "2025.06.08"]

{[%evp 0,31,11,35,15,9,20,38,50,40,33,35,28,23,30,29,49,51,69,45,75,47,45,46,36,24,32,30,2,-45,14,-38,-53,-40]} 1. d4 Nf6 2. c4 g6 3. Nc3 Bg7 4. e4 d6 5. Nf3 O-O 6. Be2 e5 7. O-O Nbd7 8. Be3 h6 9. Ne1 Ne8 10. f4 exf4 11. Bxf4 c5 12. d5 Ne5 13. Qb3 f5 14. Nd3 Nxd3 15. Bxd3 g5 16. Bd2 f4 17. Ne2 Nf6 18. Rad1 Ng4 19. h3 Ne5 20. Bc2 b6 21. Kh2 Ba6 22. Bd3 Qe7 23. Bc1 Rab8 24. Qc2 Rfe8 25. Ng1 b5 26. Rf2 bxc4 27. Bf1 Nd3 28. Bxd3 cxd3 29. Qa4 Bd4 30. Rf3 Bb5 31. Qa5 Qg7 32. Bd2 Bxb2 33. a4 Bc4 34. Rff1 Rb6 0-1

[Event "Cotswold Open 2025"]
[Site "?"]
[Date "2025.05.24"]
[Round "2.8"]
[White "Ashworth, Robert"]
[Black "Hariharan, Shambavi"]
[Result "1/2-1/2"]
[WhiteElo "1979"]
[BlackElo "2149"]
[WhiteFideId "-1"]
[WhiteFideId "-1"]
[PlyCount "37"]
[GameId "2194076021164259"]
[SourceVersionDate "2025.06.08"]

{[%evp 0,37,25,58,13,5,5,-4,18,8,2,16,19,20,-5,7,7,11,15,-30,25,25,21,12,51,9,34,28,80,60,75,77,86,53,36,43,56,54,48,14]} 1. e4 e5 2. Nf3 Nc6 3. Bc4 Nf6 4. d3 Bc5 5. c3 d6 6. O-O O-O 7. a4 a5 8. Nbd2 Be6 9. h3 Qb8 10. Qb3 Re8 11. Ng5 Nd8 12. Nxe6 Nxe6 13. Nf3 Qa7 14. Ng5 Qb6 15. Qa2 d5 16. Bxd5 Nxd5 17. Qxd5 Rad8 18. Qc4 Qd6 19. Rd1 1/2-1/2

[Event "Cotswold Open 2025"]
[Site "?"]
[Date "2025.05.24"]
[Round "2.9"]
[White "Schell, Finn"]
[Black "Lappin, Benjamin"]
[Result "1-0"]
[WhiteElo "2149"]
[BlackElo "1893"]
[WhiteFideId "-1"]
[WhiteFideId "-1"]
[PlyCount "43"]
[GameId "2194076868192490"]
[SourceVersionDate "2025.06.08"]

1. e4 c5 2. Nf3 g6 3. c3 Bg7 4. d4 Qc7 5. Be3 Nf6 6. Bd3 d5 7. e5 Ne4 8. O-O f6 9. Re1 Bg4 10. Qb3 c4 11. Qb5+ Nc6 12. Bxe4 dxe4 13. Nfd2 O-O-O 14. exf6 exf6 15. Nxe4 g5 16. Qxc4 Rhe8 17. Nc5 Na5 18. Qa4 b6 19. Na3 Bd7 20. Nxd7 Qxd7 21. Qxd7+ Rxd7 22. Bd2 1-0

[Event "Cotswold Open 2025"]
[Site "?"]
[Date "2025.05.24"]
[Round "2.10"]
[White "De Piro, Tristram"]
[Black "Beaumont, Chris"]
[Result "0-1"]
[WhiteElo "1902"]
[BlackElo "2143"]
[WhiteFideId "-1"]
[WhiteFideId "-1"]
[PlyCount "68"]
[GameId "2194078650296717"]
[SourceVersionDate "2025.06.08"]

1. d4 g6 2. e4 Bg7 3. Nc3 d6 4. f4 Nf6 5. Nf3 O-O 6. Bd3 Nc6 7. O-O e5 8. fxe5 dxe5 9. d5 Ne7 10. Nxe5 c6 11. Bg5 cxd5 12. Bxf6 Qb6+ 13. Kh1 Bxf6 14. Nxd5 Nxd5 15. Nc4 Qc5 16. exd5 Bg7 17. Qf3 b6 18. Nd2 Bb7 19. c4 Bxb2 20. Ne4 Qa3 21. Rad1 Rad8 22. Nf6+ Bxf6 23. Qxf6 Qd6 24. Qg5 Kg7 25. h4 h6 26. Qg4 Bc8 27. Qd4+ f6 28. h5 gxh5 29. Bf5 Qe5 30. Qd3 Rfe8 31. Bh7 Qg5 32. Bf5 Re3 33. Qb1 Re2 34. Be4 Qh4+ 0-1

[Event "Cotswold Open 2025"]
[Site "?"]
[Date "2025.05.24"]
[Round "2.11"]
[White "Lawrence, Spencer"]
[Black "Varley, Joe"]
[Result "1-0"]
[WhiteElo "1811"]
[BlackElo "2096"]
[WhiteFideId "-1"]
[WhiteFideId "-1"]
[PlyCount "99"]
[GameId "2194081162333293"]
[SourceVersionDate "2025.06.08"]

1. Nf3 Nf6 2. g3 g6 3. b3 Bg7 4. Bb2 d6 5. d4 b5 6. Bg2 Bb7 7. O-O O-O 8. Na3 a6 9. c4 b4 10. Nc2 a5 11. a3 Na6 12. axb4 axb4 13. Nd2 Bxg2 14. Kxg2 d5 15. f3 Qd7 16. e4 dxe4 17. fxe4 Rfd8 18. e5 Ng4 19. Ne4 Nh6 20. Qf3 Qg4 21. Qxg4 Nxg4 22. h3 Nh6 23. g4 c5 24. dxc5 Nc7 25. Rxa8 Rxa8 26. Nxb4 Rb8 27. Bc3 Ne6 28. c6 Rc8 29. Nd5 Bf8 30. Bb4 Nd4 31. c7 Ne6 32. Nxe7+ Bxe7 33. Bxe7 Rxc7 34. Nf6+ Kh8 35. Nd5 Rb7 36. Bf6+ Kg8 37. Ra1 Rb8 38. b4 Kf8 39. Ra7 Ng8 40. c5 Nxf6 41. exf6 Nd8 42. Nb6 Kg8 43. Ra8 Rxa8 44. Nxa8 Kf8 45. Nc7 Nb7 46. Kf3 h6 47. Ke4 g5 48. Kd5 Kg8 49. Kc6 Nd8+ 50. Kd7 1-0

[Event "Cotswold Open 2025"]
[Site "?"]
[Date "2025.05.24"]
[Round "2.12"]
[White "Headlong, Tim"]
[Black "Sui, Yueyue"]
[Result "1/2-1/2"]
[WhiteElo "2087"]
[BlackElo "1824"]
[WhiteFideId "-1"]
[WhiteFideId "-1"]
[PlyCount "47"]
[GameId "2194082864815220"]
[SourceVersionDate "2025.06.08"]

1. Nf3 d5 2. c4 d4 3. g3 c5 4. d3 Nc6 5. Bg2 e5 6. O-O Bd6 7. e3 Nf6 8. exd4 exd4 9. Re1+ Be7 10. Ne5 Nxe5 11. Rxe5 O-O 12. Na3 Bd6 13. Re1 a6 14. Bd2 Qc7 15. Rb1 Rb8 16. b4 b6 17. b5 a5 18. Bg5 Nd7 19. Be7 Re8 20. Bxd6 Rxe1+ 21. Qxe1 Qxd6 22. Qe2 Nf6 23. Re1 Bd7 24. h3 1/2-1/2

[Event "Cotswold Open 2025"]
[Site "?"]
[Date "2025.05.24"]
[Round "2.13"]
[White "Hatchett, Paul"]
[Black "Robinson, Adam"]
[Result "1/2-1/2"]
[WhiteElo "1989"]
[BlackElo "1896"]
[WhiteFideId "-1"]
[WhiteFideId "-1"]
[PlyCount "63"]
[GameId "2194083672325332"]
[SourceVersionDate "2025.06.08"]

{[%evp 0,48,38,27,9,2,-7,-4,20,24,22,23,18,17,18,17,33,16,56,60,86,42,57,45,58,122,10,86,82,158,155,-11,138,132,133,121,136,83,106,130,139,142,145,126,121,128,139,139,119,76,147]} 1. d4 Nf6 2. Nc3 d5 3. Bg5 e6 4. e4 dxe4 5. Nxe4 Be7 6. Bxf6 Bxf6 7. c3 Bd7 8. Bd3 Nc6 9. Nf3 Ne7 10. Qd2 Ng6 11. O-O-O O-O 12. h4 Bxh4 13. Nxh4 Nxh4 14. Ng5 h6 15. Rxh4 Qxg5 16. Qxg5 hxg5 17. Bh7+ Kh8 18. Rh2 g6 19. Bxg6+ Kg7 20. Be4 Rab8 21. Rh7+ Kf6 22. Rdh1 Rg8 23. g4 b6 24. f3 Rbc8 25. Kd2 c5 26. R1h6+ Ke7 27. d5 Rcd8 28. Ke3 Bc8 29. c4 b5 30. b3 bxc4 31. bxc4 Rd6 32. Rh8 1/2-1/2

[Event "Cotswold Open 2025"]
[Site "?"]
[Date "2025.05.24"]
[Round "2.14"]
[White "Attwell, Ben"]
[Black "Bolt, Graham"]
[Result "0-1"]
[WhiteElo "1895"]
[BlackElo "1980"]
[WhiteFideId "-1"]
[WhiteFideId "-1"]
[PlyCount "132"]
[GameId "2194117916783426"]
[SourceVersionDate "2025.06.08"]

1. e4 g6 2. d4 d5 3. exd5 Qxd5 4. Nc3 Qd8 5. h3 Bg7 6. Nf3 Nf6 7. Be3 O-O 8. Qd2 c6 9. Be2 b5 10. a3 a6 11. O-O Bb7 12. Bh6 Nbd7 13. Bxg7 Kxg7 14. Rad1 c5 15. dxc5 Nxc5 16. Qg5 Qc7 17. Nd4 Kh8 18. Bf3 Rad8 19. Bxb7 Nxb7 20. Nf3 Qc5 21. Qe5 Kg7 22. Rfe1 Qxe5 23. Nxe5 e6 24. Kf1 Nc5 25. f3 h5 26. h4 Rfe8 27. Kf2 Ng8 28. Rxd8 Rxd8 29. Rd1 Rxd1 30. Nxd1 Ne7 31. b4 Na4 32. c4 f6 33. cxb5 axb5 34. Nd7 Kf7 35. Nc5 Nxc5 36. bxc5 Nd5 37. Nb2 Ke7 38. Nd3 e5 39. Nb4 Ke6 40. g4 Nc3 41. Ke3 Nb1 42. c6 Nxa3 43. gxh5 gxh5 44. Na6 Nc4+ 45. Kd3 Kd6 46. c7 Kd7 47. Ke4 Nd6+ 48. Kd5 Ne8 49. c8=Q+ Kxc8 50. Nc5 Kc7 51. Ke6 Kc6 52. Nb3 b4 53. Kf7 f5 54. Ke6 e4 55. Kxf5 exf3 56. Nd4+ Kc5 57. Nxf3 Kc4 58. Nd2+ Kd3 59. Nb3 Kc3 60. Na5 Nd6+ 61. Kg5 Nc4 62. Nxc4 Kxc4 63. Kxh5 b3 64. Kg6 b2 65. h5 b1=Q+ 66. Kg7 Qf5 0-1

[Event "Cotswold Open 2025"]
[Site "?"]
[Date "2025.05.24"]
[Round "2.15"]
[White "Van Kemenade, Rudy"]
[Black "Tamilselvan, Tara"]
[Result "0-1"]
[WhiteElo "1936"]
[BlackElo "1868"]
[WhiteFideId "-1"]
[WhiteFideId "-1"]
[PlyCount "44"]
[GameId "2194123414022098"]
[SourceVersionDate "2025.06.08"]

1. e4 e5 2. Nf3 Nf6 3. Nxe5 d6 4. Nf3 Nxe4 5. Nc3 Nxc3 6. dxc3 Nc6 7. Be3 Be7 8. Qd2 Bf6 9. O-O-O Bf5 10. Bb5 Qd7 11. Rhe1 O-O 12. Nd4 Bg6 13. Bg5 Bxd4 14. cxd4 Qf5 15. Bxc6 bxc6 16. Re7 Qd5 17. b3 c5 18. Rxc7 cxd4 19. Be3 Rac8 20. Rxc8 Rxc8 21. c4 Qe4 22. Qxd4 Qc2# 0-1

[Event "Cotswold Open 2025"]
[Site "?"]
[Date "2025.05.24"]
[Round "2.16"]
[White "Smith, David"]
[Black "Holmes, Matthew"]
[Result "1/2-1/2"]
[WhiteElo "1859"]
[BlackElo "1927"]
[WhiteFideId "-1"]
[WhiteFideId "-1"]
[PlyCount "79"]
[GameId "2194124283164632"]
[SourceVersionDate "2025.06.08"]

1. d4 d5 2. Nc3 Nf6 3. Bf4 c5 4. e3 cxd4 5. exd4 Bg4 6. f3 Bd7 7. Qd2 e6 8. a3 a6 9. g4 b5 10. g5 Nh5 11. Be5 Nc6 12. Bg3 Be7 13. f4 g6 14. Be2 Ng7 15. h4 h5 16. Nf3 O-O 17. Ne5 Nxe5 18. fxe5 Qb6 19. Nd1 a5 20. Ne3 b4 21. axb4 axb4 22. O-O Bb5 23. Bxb5 Qxb5 24. b3 Ra6 25. Qf2 Qb6 26. Rxa6 Qxa6 27. Rc1 Qa7 28. Qd2 Rc8 29. Bf2 Rc6 30. Kg2 Kf8 31. Qd1 Qc7 32. Qd2 Nf5 33. Nxf5 exf5 34. Be1 Qc8 35. Qf2 Ke8 36. Kf1 f4 37. Qxf4 Rxc2 38. Rxc2 Qxc2 39. Qf3 Qc6 40. Bd2 1/2-1/2

[Event "Cotswold Open 2025"]
[Site "?"]
[Date "2025.05.24"]
[Round "2.17"]
[White "Clarke, Ian"]
[Black "Kumar, Yuvraj"]
[Result "1/2-1/2"]
[WhiteElo "1925"]
[BlackElo "1855"]
[WhiteFideId "-1"]
[WhiteFideId "-1"]
[PlyCount "53"]
[GameId "2194125854787691"]
[SourceVersionDate "2025.06.08"]

1. Nc3 c6 2. e4 d5 3. Qf3 dxe4 4. Nxe4 Nf6 5. Bc4 e6 6. Ne2 Be7 7. d4 Nbd7 8. O-O Nxe4 9. Qxe4 Nf6 10. Qf3 O-O 11. Bd3 Qa5 12. Nf4 Rd8 13. c3 c5 14. dxc5 Qxc5 15. Be3 Qc7 16. Bc2 Bd7 17. Rfe1 Bc6 18. Qe2 Be4 19. Bxe4 Nxe4 20. f3 Nf6 21. Rad1 Bd6 22. g3 Bc5 23. Kg2 Bxe3 24. Qxe3 Qa5 25. a3 a6 26. Qe2 h6 27. Qc2 1/2-1/2

[Event "Cotswold Open 2025"]
[Site "?"]
[Date "2025.05.24"]
[Round "2.18"]
[White "Small, Edward"]
[Black "Guilfoyle, John"]
[Result "0-1"]
[WhiteElo "1842"]
[BlackElo "1925"]
[WhiteFideId "-1"]
[WhiteFideId "-1"]
[PlyCount "138"]
[GameId "2194126657497201"]
[SourceVersionDate "2025.06.08"]

1. d4 Nf6 2. Bg5 c5 3. d5 d6 4. Nc3 g6 5. e4 Bg7 6. Qd2 h6 7. Bf4 g5 8. Bg3 Nh5 9. Nge2 a6 10. a4 Nd7 11. f3 Ne5 12. Bf2 Qa5 13. Nc1 Nf4 14. Nb3 Qc7 15. Be3 Nfg6 16. Be2 Bd7 17. O-O O-O 18. Kh1 Kh7 19. Rf2 f6 20. Raf1 Rab8 21. f4 Ng4 22. Bxg4 Bxg4 23. h3 Bd7 24. Qe2 b5 25. a5 c4 26. Bb6 Rxb6 27. axb6 Qxb6 28. Nd2 gxf4 29. Qf3 f5 30. h4 fxe4 31. Ndxe4 Ne5 32. Qe2 b4 33. Nd1 Bg4 34. Qd2 f3 35. Ne3 fxg2+ 36. Nxg2 Rxf2 37. Qxf2 Qxf2 38. Rxf2 Bf3 39. Nd2 Bxd5 40. Kg1 Bg8 41. Ne3 e6 42. Ne4 d5 43. Nf6+ Bxf6 44. Rxf6 Kg7 45. Rf4 Bh7 46. Kf1 Be4 47. Ke2 a5 48. b3 cxb3 49. cxb3 Nd3 50. Rg4+ Kf7 51. Nc4 Nc1+ 52. Ke3 Nxb3 53. Nd6+ Ke7 54. Nxe4 dxe4 55. Rxe4 Kd6 56. Rc4 Kd5 57. Rc8 Nc5 58. Rh8 Kc4 59. Rxh6 b3 60. Rg6 a4 61. h5 b2 62. Rg1 a3 63. h6 a2 64. h7 b1=Q 65. Rg4+ Ne4 66. h8=Q a1=Q 67. Qc8+ Kd5 68. Qd7+ Nd6 69. Rg5+ e5 0-1

[Event "Cotswold Open 2025"]
[Site "?"]
[Date "2025.05.24"]
[Round "2.19"]
[White "Van Kemenade, Julie"]
[Black "Moldovan, Alexandru"]
[Result "1/2-1/2"]
[WhiteElo "1710"]
[BlackElo "1894"]
[WhiteFideId "-1"]
[WhiteFideId "-1"]
[PlyCount "129"]
[GameId "2194130072857608"]
[SourceVersionDate "2025.06.08"]

1. e4 e5 2. Nf3 Nf6 3. d3 Nc6 4. g3 d6 5. Bg2 h6 6. c3 Bg4 7. Nbd2 Qd7 8. h3 Bh5 9. Nc4 O-O-O 10. Qc2 g5 11. Bd2 Bg7 12. O-O-O Rhe8 13. Ne3 Ne7 14. g4 Bg6 15. Nf5 Nxf5 16. exf5 Bh7 17. Be3 Kb8 18. Qb3 d5 19. Ne1 Qc8 20. Nc2 c5 21. Kb1 Rd6 22. a4 Bf8 23. Rc1 Bg8 24. Na3 Rb6 25. Qd1 Qd7 26. Nb5 Rc8 27. h4 Ne8 28. hxg5 hxg5 29. Rh8 Nf6 30. Bxg5 Bg7 31. Rh3 Ne8 32. c4 d4 33. Be4 a6 34. Na3 Nf6 35. Bxf6 Bxf6 36. Ka2 Rb4 37. b3 Bg5 38. Rb1 f6 39. Qc2 Rc7 40. Rh8 Qg7 41. Rbh1 Ka7 42. Qd1 Rd7 43. Qf3 Bf4 44. Qh3 b5 45. Nc2 bxc4 46. Nxb4 cxb3+ 47. Kb2 cxb4 48. Qh5 Rc7 49. Qe8 Rc2+ 50. Kb1 Qc7 51. Qa8+ Kb6 52. Qb7+ Qxb7 53. Bxb7 Kxb7 54. Rxg8 Rd2 55. Rhh8 Rxd3 56. Kb2 Bd2 57. Rc8 Rf3 58. Rcd8 Rxf2 59. Kxb3 Bc3 60. Rb8+ Ka7 61. Ra8+ Kb7 62. Rab8+ Kc7 63. Rbc8+ Kb6 64. Rb8+ Kc5 65. Rbc8+ 1/2-1/2

[Event "Cotswold Open 2025"]
[Site "?"]
[Date "2025.05.24"]
[Round "2.20"]
[White "Hammond, Matthew"]
[Black "Poderico, Francesco"]
[Result "1/2-1/2"]
[WhiteElo "1893"]
[BlackElo "1761"]
[WhiteFideId "-1"]
[WhiteFideId "-1"]
[PlyCount "96"]
[GameId "2194141218566283"]
[SourceVersionDate "2025.06.08"]

1. c4 e6 2. b3 f5 3. Bb2 Nf6 4. Nc3 d5 5. e3 c6 6. Nf3 Bd6 7. d4 Nbd7 8. Be2 O-O 9. O-O Ne4 10. Nxe4 fxe4 11. Ne5 Qg5 12. Nxd7 Bxd7 13. Bg4 Rf6 14. Bh3 Raf8 15. g3 Be8 16. Qg4 Qh6 17. Bg2 Bh5 18. Qh3 Be2 19. Qxh6 gxh6 20. a3 Bxf1 21. Rxf1 h5 22. b4 h4 23. c5 Bc7 24. Bh3 hxg3 25. hxg3 h5 26. a4 a6 27. Ba3 h4 28. g4 Kf7 29. a5 Rg8 30. Kg2 Rf3 31. Bc1 Kf6 32. Bd2 Kg5 33. Bc3 Rgf8 34. Bd2 Kg6 35. Bc3 Bd8 36. Be1 Bg5 37. Rh1 Bh6 38. Kg1 Kg5 39. Bg2 Kxg4 40. Bxf3+ exf3 41. Kh2 Kf5 42. Rg1 Bg5 43. Kh3 Rf6 44. Rg4 Rg6 45. Bc3 Rg8 46. Be1 Rg6 47. Bc3 Rg8 48. Be1 Rg6 1/2-1/2

[Event "Cotswold Open 2025"]
[Site "?"]
[Date "2025.05.24"]
[Round "2.21"]
[White "Gartside, Carl"]
[Black "Kong, Emma"]
[Result "0-1"]
[WhiteElo "1884"]
[BlackElo "1659"]
[WhiteFideId "-1"]
[WhiteFideId "-1"]
[PlyCount "74"]
[GameId "2194145379378509"]
[SourceVersionDate "2025.06.08"]

1. Nc3 d5 2. d4 Nf6 3. Bf4 c5 4. e4 dxe4 5. dxc5 Qa5 6. Qd2 Qxc5 7. O-O-O Bd7 8. f3 exf3 9. Nxf3 a6 10. Ne5 Qc8 11. Bc4 e6 12. Qe2 Be7 13. g4 h6 14. h4 b5 15. Bd3 Nc6 16. g5 Nd5 17. Nxd5 exd5 18. Nxc6 Qxc6 19. Rde1 Qe6 20. Qh2 Qc6 21. Bd6 Be6 22. Bxe7 Kxe7 23. Qe5 Qd6 24. Qxg7 Qf4+ 25. Kb1 Rag8 26. Qc3 hxg5 27. Rhf1 d4 28. Qc5+ Qd6 29. Qf5 gxh4 30. Qf6+ Kd7 31. Bf5 Rf8 32. Rd1 Kc7 33. Rxd4 Bxa2+ 34. Kxa2 Qxf6 35. Rd7+ Kb8 36. Rb7+ Kxb7 37. Be4+ Qc6 0-1

[Event "Cotswold Open 2025"]
[Site "?"]
[Date "2025.05.25"]
[Round "3.1"]
[White "Ashworth, Michael"]
[Black "Ogunshola, Olugbemiga"]
[Result "1/2-1/2"]
[WhiteElo "2194"]
[BlackElo "2197"]
[WhiteFideId "-1"]
[WhiteFideId "-1"]
[PlyCount "148"]
[GameId "2196199155680336"]
[SourceVersionDate "2025.06.08"]

1. d4 Nf6 2. Nf3 g6 3. b4 Bg7 4. e3 b6 5. Bb2 O-O 6. Nbd2 Bb7 7. c4 c5 8. bxc5 bxc5 9. Be2 Ne4 10. O-O Qa5 11. Nxe4 Bxe4 12. Nd2 Bc6 13. Nb3 Qb4 14. a3 Qb7 15. d5 Bxb2 16. dxc6 Qc7 17. Ra2 Bg7 18. cxd7 Nxd7 19. Rd2 Nf6 20. Qc2 Rab8 21. Rfd1 Rb6 22. Nc1 Rfb8 23. Qa4 Rb2 24. Rxb2 Rxb2 25. Bf3 h5 26. Nd3 Rb8 27. Nf4 e6 28. h3 Bf8 29. Ne2 g5 30. Nc3 g4 31. hxg4 hxg4 32. Ne4 Nxe4 33. Bxe4 Rb2 34. Qe8 Qe5 35. Rd8 Qg7 36. Qe7 Rb6 37. Bh7+ Kxh7 38. Rxf8 Rb1+ 39. Kh2 Qe5+ 40. g3 Qh5+ 41. Qh4 Qxh4+ 42. gxh4 Kg7 43. Rc8 Rb3 44. Rxc5 Rxa3 45. Rg5+ Kf6 46. Rxg4 Rc3 47. h5 Rd3 48. Rg8 Ra3 49. Kh3 Ra5 50. Kh4 Ra1 51. Rc8 a5 52. c5 a4 53. c6 a3 54. c7 a2 55. Ra8 Rc1 56. Rxa2 Rxc7 57. Ra5 Rc1 58. Kg4 Rg1+ 59. Kf3 Rg5 60. Rxg5 Kxg5 61. Ke4 f6 62. f4+ Kxh5 63. f5 e5 64. Kd5 Kg5 65. e4 Kf4 66. Ke6 Kxe4 67. Kxf6 Kd4 68. Kg6 e4 69. f6 e3 70. f7 e2 71. f8=Q e1=Q 72. Qd6+ Ke3 73. Qe5+ Kd2 74. Qxe1+ Kxe1 1/2-1/2

[Event "Cotswold Open 2025"]
[Site "?"]
[Date "2025.05.25"]
[Round "3.2"]
[White "Norris, Zack"]
[Black "Schell, Finn"]
[Result "1-0"]
[WhiteElo "2088"]
[BlackElo "2149"]
[WhiteFideId "-1"]
[WhiteFideId "-1"]
[PlyCount "109"]
[GameId "2196199182324821"]
[SourceVersionDate "2025.06.08"]

{[%evp 0,46,18,20,22,22,22,1,1,14,15,16,24,33,41,37,58,71,48,44,50,57,46,45,56,-18,38,32,71,27,84,-33,79,94,-33,75,-51,54,-32,79,79,62,106,95,-15,96,115,105,135]} 1. c4 e6 2. Nf3 d5 3. g3 Nf6 4. Bg2 dxc4 5. Qa4+ Bd7 6. Qxc4 c5 7. Ne5 Nc6 8. Nxc6 Bxc6 9. Bxc6+ bxc6 10. O-O Be7 11. Nc3 O-O 12. d3 Rb8 13. Na4 Qa5 14. b3 Rfd8 15. Be3 Rd5 16. Qc3 Qb5 17. Qc2 Rh5 18. Rfc1 Nd7 19. Qc4 Qa5 20. Qe4 Qc7 21. Bf4 Bd6 22. Rc4 Rb5 23. Rac1 Kf8 24. Qe3 e5 25. Qf3 Rf5 26. Qe4 Rh5 27. Be3 Nb6 28. Nxb6 axb6 29. g4 Rh3 30. Kg2 Rxe3 31. Qxe3 Ra5 32. Qe4 g6 33. Ra4 Rxa4 34. Qxa4 Kg7 35. Qe4 Qd7 36. a4 f5 37. gxf5 gxf5 38. Qh4 Be7 39. Qg3+ Kf6 40. Kh1 Qd5+ 41. Qg2 Qxb3 42. Qxc6+ Kf7 43. Rg1 Qa2 44. Qf3 Ke6 45. Qc6+ Kf7 46. Qh6 Qxe2 47. Qxh7+ Ke6 48. Qg8+ Kd6 49. Qg6+ Kd5 50. Qxf5 Kd4 51. h4 Kc3 52. h5 Bh4 53. Qe4 Qxf2 54. Qc4+ Kb2 55. Rg2 1-0

[Event "Cotswold Open 2025"]
[Site "?"]
[Date "2025.05.25"]
[Round "3.3"]
[White "Stubbs, Oliver"]
[Black "Lawrence, Spencer"]
[Result "1-0"]
[WhiteElo "2284"]
[BlackElo "1811"]
[WhiteFideId "-1"]
[WhiteFideId "-1"]
[PlyCount "45"]
[GameId "2196202287912673"]
[SourceVersionDate "2025.06.08"]

1. d4 d5 2. Nf3 Nf6 3. Bf4 e6 4. e3 c5 5. Nbd2 Nc6 6. c3 Be7 7. Ne5 Nxe5 8. dxe5 Nd7 9. h4 h5 10. Nf3 f6 11. exf6 Nxf6 12. Bd3 Ne4 13. Bxe4 dxe4 14. Qa4+ Kf8 15. Ne5 Qe8 16. Qxe4 Kg8 17. Ng6 Rh7 18. Nxe7+ Qxe7 19. O-O-O Qf6 20. Be5 Qf5 21. Rd8+ Kf7 22. Qa4 a6 23. Qe8# 1-0